Responses for show #1040 - Friday, February 24, 1989

Contestants

Cheryl Shaw, from Westminster, California

Dean Miller, a restaurant manager from Gaithersburg, Maryland

Howard Asaki, a physician associate from Phoenix, Arizona (whose 1-day cash winnings total $13,000)

Jeopardy! Round responses

THE 1930s
FAMOUS FOLKS
HATS
HIDEOUS CREATURES
SPORTS
"FAN"s
    $100 22
female

Howard
    $100 14
Joan Collins

Dean
    $100 5
plumes

Howard
    $100 8
Godzilla

Cheryl
    $100 1
Dodgers

Howard
    $100 3
fantastic

Howard
    $200 25
first inaugural address

Dean
    $200 15
Aaron Spelling

Dean
    $200 12
stovepipe

Cheryl
    $200 9
Yeti (The Abominable Snowman)

Howard
    $200 2
Wayne Gretzky

Dean
    $200 4
fanfare

Cheryl
    $300 26
Ma Barker

Howard
    $300 16
Nelson Mandela

Cheryl
    $300 13
(Howard: Who is...[time]?)

Tom Selleck

HowardDean
    $300 11
zombie

Cheryl
    $500 6
(Alex: We boycotted them in 1980 & they boycotted us in 1984.)

12

Howard
    $300 17
(Dean: What is the flamenco?)

fandango

HowardDean
    $400 28
the Bonus Army

Dean
    $400 20
(Howard: Who is Rodney Dangerfield?)
(Cheryl: Who is Jack Benny?)

Henny Youngman

HowardDeanCheryl
    $400 27
coonskin cap

Dean
    $400 23
(Alex: We have less than a minute to go.)

gargoyles

Cheryl
    $400 7
3 meters

Cheryl
    $400 18
fantan

Cheryl
    $500 29
[end-of-round signal sounds]

Wiley Post

Dean
    $500 21
Daniel Patrick Moynihan

Dean
    $500 24
The Phantom of the Opera

Dean
    $500 10
Frank Viola

Dean
    $500 19
fancier

Cheryl

Scores at the first commercial break (after clue 13):

Howard Dean Cheryl
$700 $1,000 $1,200

Scores at the end of the Jeopardy! Round:

Howard Dean Cheryl
$1,000 $3,900 $2,400

Double Jeopardy! Round responses

U.S. STATES
ROMAN LITERATURE
BIRDS
ACTORS & ROLES
RELIGION
ALL NUMBERS
    $200 3
France

Dean
    $200 14
Aesop

Cheryl
    $200 8
hearing

Howard
    $200 16
Edward Woodward

Dean
    $200 10
marriage

Howard
    $200 1
14

Howard
    $400 4
Kentucky

Cheryl
    $400 27
Virgil

Cheryl
    $400 9
gizzard

Cheryl
    $400 17
(Dean: What is a cowboy?)
(Howard: What is a hunter?)
(Alex: Be more specific.)
(Howard: Deer hunter?)

bounty hunter

HowardDean
Triple Stumper
    $400 15
pope (Adrian IV)

Dean
    $400 2
3

Cheryl
    $600 5
Massachusetts

Dean
    $600 28
satire

Dean
    $600 11
(Cheryl: What was a carrier pigeon?)
(Dean: What is a passenger pigeon?)

dodo

HowardDeanCheryl
    $600 18
(Alex: Len Cariou was the other.)

Angela Lansbury

Dean
    $600 21
Paul

Cheryl
    $1,000 24
(Alex: Who?, What?, Where?, When? & Why?)

5

Dean
    $800 6
Arkansas

Dean
    $800 29
Gaul

Dean
    $1,000 12
emu

Howard
    $800 19
Linda Hamilton

Triple Stumper
    $800 22
St. Bernadette

Triple Stumper
    $800 25
8

Cheryl
    $1000 7
Rhode Island

Dean
    $1000 30
Ovid

Howard
    $1000 13
duck

Cheryl
    $1000 20
Sonia Braga

Dean
    $1000 23
Joseph Smith

Dean
    $1000 26
(Alex: We've got a minute to go.)

2

Cheryl

Scores at the end of the Double Jeopardy! Round:

Howard Dean Cheryl
$3,800 $11,100 $7,000

[wagering suggestions for these scores]

Final Jeopardy! Round responses

CANADA
(Alex: He was King James I of England & King James VI of Scotland.)
HowardWhat is Nova Scotia?
$800
CherylWhat is Nova Scotia?
$5,000
DeanWhat is Nova Scotia?
$3,000
Nova Scotia (New Scotland)

Final scores:

Howard Dean Cheryl
$4,600 $14,100 $12,000
3rd place: Pulaski Ridgeway Time Tell table New champion: $14,100 2nd place: Trip to Saddlebrook Resort in Tampa, Florida

Game dynamics:

Coryat scores:

Howard Dean Cheryl
$3,400 $10,700 $7,000
14 R
(including 2 DDs),
3 W
24 R
(including 1 DD),
3 W
18 R,
2 W

Combined Coryat: $21,100

The J! Archive is created by fans, for fans. The Jeopardy! game show and all elements thereof, including but not limited to copyright and trademark thereto, are the property of Jeopardy Productions, Inc. and are protected under law. This website is not affiliated with, sponsored by, or operated by Jeopardy Productions, Inc. Join the discussion at JBoard.tv.